Statistics for Counties of England Superlatives

Click here to take the quiz!

General Stats

  • This quiz has been taken 28 times
  • The average score is 9 of 11

Answer Stats

HintAnswer% Correct
Furthest SouthCornwall, Devon
100%
Furthest NorthNorthumberland, Cumbria
96%
Highest PeaksCumbria, Northumberland
89%
Largest AreaNorth Yorkshire, Lincolnshire
85%
Largest EconomiesGreater London, Greater Manchester
81%
Highest PopulationGreater London, West Midlands
78%
Most Densely PopulatedGreater London, Bristol
78%
Least Densely PopulatedHerefordshire, Cumbria
78%
Richest (GVA per capita)Greater London, Berkshire
74%
Lowest PopulationCity of London, Rutland
63%
Lowest AreaCity of London, Bristol
59%

Score Distribution

Percentile by Number Answered

Percent of People with Each Score

Your Score History

You have not taken this quiz